banner-ar

كيف تعتنين بمنزلك: الى ربات البيوت للمتزوجات فقط / (Record no. 46513)

MARC details
000 -الفاتح
حقل البيانات ثابتة الطول 00501nam a2200157Ia 4500
008 - عناصر البيانات ثابتة الطول - معلومات عامة
حقل البيانات ثابتة الطول 140319s9999 xx 000 0 ara d
040 ## - مصدر الفهرسة
وكالة الفهرسة الأصلية GCL /
وكالة النسخ GCL
082 04 - رقم تصنيف ديوى العشرى
رقم التصنيف 648
رقم المادة ل ك
100 1# - المدخل الرئيسى - إسم شخصى
الإسم الشخصى لينارضا فنير
245 10 - بيان العنوان
العنوان كيف تعتنين بمنزلك: الى ربات البيوت للمتزوجات فقط /
بيان المسئوليه,etc لينارضا فنير
490 ## - بيان السلسلة
عنوان السلسلة موسوعة عالم المراة
رقم المجلد/ التعيين التسلسلي 0
650 04 - المدخل الاضافى بالموضوع-مصطلح موضوعى
مصطلح موضوعي المرأة
650 04 - المدخل الاضافى بالموضوع-مصطلح موضوعى
مصطلح موضوعي المنزل - رعاية
942 ## - عناصر المدخل الإضافي( كوها)
مصدر التصنيف او مخطط الترفيف Dewey Decimal Classification
Koha [default] item type كتاب
Holdings
حالة التراجع حالة الفقد حالة تلف ليس للاعارة المكان المؤقت الموقع الحالى تاريخ الاكتساب اجمالي اﻻعارات رقم الطلب الباركود تاريخ اخر مشاهدة تاريخ تفعيل السعر نوع وعاء كوها
        مكتبة القاهرة الكبرى مكتبة القاهرة الكبرى 03/26/2014   648\ل ك 113284 03/26/2014 03/26/2014 كتاب

Powered By

EGPV